| 000 | 00914nam a22002057a 4500 | ||
|---|---|---|---|
| 999 |
_c15087 _d15087 |
||
| 003 | OSt | ||
| 082 | _2631.75807 AME/FA | ||
| 088 | _aP 295 | ||
| 100 |
_aAMEENA R. K _93727 |
||
| 245 | _aFabrication and performance evaluation of vertical farming structure for homesteads | ||
| 260 |
_aTavanur 2015 _bDepartment of Land & Water Resources and Conservation Engineeringy |
||
| 300 | _a75 | ||
| 500 | _aFabrication and performance evaluation of vertical farming structure for homesteads | ||
| 520 | _aaimed to fabricate a vertical farming structure suited to flat balcony in KCAET and to compare the performance evaluation of crops under vertical farming structure and potted cultivation. | ||
| 700 |
_aAnjitha Krishna P. R _93728 |
||
| 700 |
_aSreekutty Suresh V _93729 |
||
| 700 |
_aEr. Priya G. Nair (Guide) _93444 |
||
| 856 | _uhttps://drive.google.com/open?id=1hXXaFvwVKpdPC691jDAYqaMG3uStjBWc | ||
| 942 | _cPR | ||